000 00805nam a2200193Ia 4500
001 15265
003 GE_BSU
008 181216s||||||||xx |||||||||||||| ||und||
040 _cGE_BSU
080 _a821.353.1+821.353.1-32+821.353.1-91+821.353.1-92
100 _aშენგელაია,დემნა
245 _aთხზულებანი 2 ტომად. ტ.2. მოთხრობები. ფოლკლორი. ლიტერატურული წერილები
260 _aთბილისი
260 _bსაბჭოთა საქართველო
260 _c1960
300 _a678გვ.23სმ.
653 _aმოთხრობები. ფოლკლორი. ლიტერატურული წერილები
942 _cBK
999 _c48377
_d48377